[Event "South Wales op 15th"]
[Site "Cardiff"]
[Date "2018.07.08"]
[Round "3"]
[White "Staniforth, Matthew"]
[Black "Kett, Timothy"]
[Result "1/2-1/2"]
[WhiteElo "1920"]
[BlackElo "2230"]
[PlyCount "51"]
[EventDate "2018.07.07"]
[EventType "swiss"]
[EventRounds "9"]
[EventCountry "WLS"]
[SourceTitle "EXT 2019"]
[Source "ChessBase"]
[SourceDate "2018.10.10"]
[SourceVersion "1"]
[SourceVersionDate "2018.10.10"]
[SourceQuality "1"]

1. e4 e5 2. Nc3 Nf6 3. g3 Bc5 4. Bg2 d6 5. Nf3 Nc6 6. 0-0 0-0 7. d3 a5 8. h3 Ne8 9. Be3 Bxe3 10. fxe3 f6 11. Nh4 g6 12. Kh2 Ng7 13. Qe2 Be6 14. g4 Qe7 15. Rf2 Rf7 16. Nd5 Bxd5 17. exd5 Nb8 18. Nf3 Nd7 19. e4 f5 20. exf5 gxf5 21. Nd2 Raf8 22. Raf1 fxg4 23. Rxf7 Rxf7 24. Rxf7 Qxf7 25. Qxg4 Qf5 26. Nc4 1/2-1/2

[Event "BCF-chT4S 1718 (4NCL)"]
[Site "England"]
[Date "2018.05.07"]
[Round "11.81"]
[White "Stoyanov, Viktor"]
[Black "Staniforth, Matthew"]
[Result "1/2-1/2"]
[WhiteElo "2027"]
[BlackElo "1880"]
[PlyCount "148"]
[EventDate "2017.11.11"]
[EventType "team-swiss"]
[EventRounds "11"]
[EventCountry "ENG"]
[SourceTitle "EXT 2020"]
[Source "ChessBase"]
[SourceDate "2019.10.17"]
[SourceVersion "1"]
[SourceVersionDate "2019.10.17"]
[SourceQuality "1"]
[WhiteTeam "Camberley Juniors"]
[BlackTeam "West is Best IV"]
[WhiteTeamCountry "ENG"]
[BlackTeamCountry "WLS"]

1. d4 Nf6 2. c4 e6 3. Nf3 d5 4. g3 a6 5. Bg2 dxc4 6. 0-0 b5 7. Ne5 Nd5 8. a4 Bb7 9. b3 c3 10. axb5 axb5 11. Rxa8 Bxa8 12. e4 b4 13. exd5 Bxd5 14. Be3 Be7 15. Qc2 0-0 16. Nxc3 bxc3 17. Qxc3 Bxg2 18. Kxg2 Qd5+ 19. Kg1 Bd6 20. Nc4 Nc6 21. Nxd6 cxd6 22. Rc1 Ne7 23. Qc4 h6 24. Qxd5 Nxd5 25. Rc6 Rb8 26. Rxd6 Rxb3 27. Rd8+ Kh7 28. Bd2 Rd3 29. Ba5 Rxd4 30. Rf8 Ra4 31. Be1 Kg6 32. h4 h5 33. Kg2 Ra1 34. Bd2 Rd1 35. Ba5 f6 36. Kf3 Kf5 37. Ke2 Ra1 38. Bd2 Ra3 39. f3 Ra1 40. Rc8 Ra4 41. Rh8 g6 42. Rc8 e5 43. Rc5 Ke6 44. Rc6+ Kd7 45. Rc1 Kd6 46. Rc8 e4 47. fxe4 Rxe4+ 48. Kf3 Rd4 49. Ke2 Ke5 50. Bc3 Nxc3+ 51. Rxc3 Ke4 52. Re3+ Kf5 53. Kf3 g5 54. hxg5 fxg5 55. Ra3 g4+ 56. Ke3 Re4+ 57. Kf2 Re5 58. Ra8 Rc5 59. Ra2 Rd5 60. Rb2 Ke4 61. Re2+ Kd3 62. Re3+ Kd4 63. Re8 Rf5+ 64. Kg2 Re5 65. Rd8+ Ke3 66. Ra8 Rd5 67. Re8+ Kd2 68. Kf2 Rf5+ 69. Kg2 Rf3 70. Re5 Re3 71. Rd5+ Ke1 72. Rxh5 Re2+ 73. Kg1 Re3 74. Kg2 Re2+ 1/2-1/2

[Event "WLS-ch 64th"]
[Site "Cardiff"]
[Date "2018.03.30"]
[Round "1"]
[White "Rayner, Francis"]
[Black "Staniforth, Matthew"]
[Result "1/2-1/2"]
[WhiteElo "2073"]
[BlackElo "1866"]
[PlyCount "48"]
[EventDate "2018.03.30"]
[EventType "swiss"]
[EventRounds "7"]
[EventCountry "WLS"]
[SourceTitle "CBM 183 Extra"]
[Source "ChessBase"]
[SourceDate "2018.04.19"]
[SourceVersion "1"]
[SourceVersionDate "2018.04.19"]
[SourceQuality "1"]

1. Nf3 g6 2. c4 Bg7 3. d4 Nf6 4. g3 d5 5. Bg2 c6 6. Ne5 0-0 7. Nc3 Be6 8. cxd5 Nxd5 9. f4 Nd7 10. 0-0 Nxe5 11. fxe5 c5 12. e4 Nxc3 13. bxc3 Bc4 14. Re1 Qa5 15. Bd2 Rfd8 16. Qc2 Rac8 17. Qb2 Rc7 18. Be3 Ba6 19. Rac1 Rdc8 20. Bh3 cxd4 21. cxd4 Rc2 22. Qb1 R8c7 23. Rxc2 Rxc2 24. Rc1 Rc7 1/2-1/2

[Event "BCF-chT4S 1617 (4NCL)"]
[Site "England"]
[Date "2017.02.11"]
[Round "5.14"]
[White "Staniforth, Matthew"]
[Black "Varney, Zoe"]
[Result "0-1"]
[WhiteElo "1892"]
[BlackElo "1988"]
[PlyCount "57"]
[EventDate "2016.11.26"]
[EventType "team-swiss"]
[EventRounds "11"]
[EventCountry "ENG"]
[SourceTitle "EXT 2019"]
[Source "ChessBase"]
[SourceDate "2018.10.10"]
[SourceVersion "1"]
[SourceVersionDate "2018.10.10"]
[SourceQuality "1"]
[WhiteTeam "West is Best II"]
[BlackTeam "Oxford II"]
[WhiteTeamCountry "WLS"]
[BlackTeamCountry "ENG"]

1. e4 e5 2. Nf3 Nc6 3. Nc3 Nf6 4. Be2 d5 5. exd5 Nxd5 6. 0-0 a6 7. Re1 Be7 8. Bc4 Nxc3 9. bxc3 0-0 10. Qe2 Bd6 11. d4 exd4 12. Bg5 Qd7 13. cxd4 b5 14. Bd3 Bb4 15. Red1 Re8 16. Ne5 Nxe5 17. dxe5 Qg4 18. Qe4 Qxe4 19. Bxe4 Rb8 20. Bc6 Bg4 21. f3 Rxe5 22. Bf4 Rc5 23. Bxc7 Rc8 24. Bb7 R5xc7 25. Bxc8 Bxc8 26. Rd8+ Bf8 27. Re1 Be6 28. g4 Rxc2 29. f4 0-1

[Event "GRB-ch Universities"]
[Site "Birmingham"]
[Date "2016.02.20"]
[Round "1.2"]
[White "Grant, David J"]
[Black "Staniforth, Matthew"]
[Result "1-0"]
[WhiteElo "2085"]
[BlackElo "1874"]
[PlyCount "35"]
[EventDate "2016.02.20"]
[EventType "team-swiss"]
[EventRounds "5"]
[EventCountry "ENG"]
[SourceTitle "CBM 170 Extra"]
[Source "ChessBase"]
[SourceDate "2016.02.25"]
[SourceVersion "1"]
[SourceVersionDate "2016.02.25"]
[SourceQuality "1"]
[WhiteTeam "Durham"]
[BlackTeam "Bath"]
[WhiteTeamCountry "ENG"]
[BlackTeamCountry "ENG"]

1. e4 d5 2. exd5 Nf6 3. d4 Bg4 4. Nf3 Qxd5 5. Be2 Nc6 6. c4 Qh5 7. Be3 0-0-0 8. Nbd2 e5 9. d5 e4 10. dxc6 exf3 11. cxb7+ Kb8 12. gxf3 Bh3 13. Qb3 Bc5 14. 0-0-0 Rhe8 15. Rhe1 Rd6 16. f4 Qf5 17. Bxc5 Qxc5 18. Qxh3 1-0

[Event "BCF-chT4 1516 (4NCL)"]
[Site "England"]
[Date "2015.11.15"]
[Round "2.99"]
[White "Balouka Myers, Reuben"]
[Black "Staniforth, Matthew"]
[Result "0-1"]
[WhiteElo "1667"]
[BlackElo "1874"]
[PlyCount "42"]
[EventDate "2015.11.14"]
[EventType "team-swiss"]
[EventRounds "11"]
[EventCountry "ENG"]
[SourceTitle "EXT 2017"]
[Source "ChessBase"]
[SourceDate "2016.10.25"]
[SourceVersion "1"]
[SourceVersionDate "2016.10.25"]
[SourceQuality "1"]
[WhiteTeam "Barnet Knights II"]
[BlackTeam "West is Best II"]
[WhiteTeamCountry "ENG"]
[BlackTeamCountry "ENG"]

1. e4 c6 2. c4 d6 3. d4 e5 4. dxe5 dxe5 5. Qxd8+ Kxd8 6. Be3 Be6 7. Nc3 Nd7 8. 0-0-0 Kc7 9. g3 Rd8 10. Nh3 f6 11. f4 Ne7 12. b3 Nc8 13. Bg2 Bb4 14. Kb2 Nd6 15. fxe5 Nxe5 16. Bxa7 b6 17. Na4 Nc8 18. Nf4 Bg4 19. Rxd8 Rxd8 20. c5 b5 21. a3 Nxa7 0-1

[Event "South Wales op 11th"]
[Site "Cardiff"]
[Date "2014.08.27"]
[Round "6"]
[White "Staniforth, Matthew"]
[Black "Brown, Thomas"]
[Result "0-1"]
[WhiteElo "1884"]
[BlackElo "2104"]
[PlyCount "30"]
[EventDate "2014.08.25"]
[EventType "swiss"]
[EventRounds "9"]
[EventCountry "WLS"]
[SourceTitle "CBM 162 Extra"]
[Source "ChessBase"]
[SourceDate "2014.10.17"]
[SourceVersion "1"]
[SourceVersionDate "2014.10.17"]
[SourceQuality "1"]

1. e4 c5 2. c3 g6 3. d4 cxd4 4. cxd4 d5 5. Nc3 dxe4 6. Nxe4 Bg7 7. Be3 Nf6 8. Nc5 0-0 9. Bc4 b6 10. Nd3 Nc6 11. Ne2 Ng4 12. Qa4 Bb7 13. 0-0 a6 14. d5 Na5 15. Bd2 Qc7 0-1

[Event "Commonwealth-ch"]
[Site "Glasgow"]
[Date "2014.07.08"]
[Round "9"]
[White "MacQueen, Calum"]
[Black "Staniforth, Matthew"]
[Result "1-0"]
[WhiteElo "2229"]
[BlackElo "1886"]
[PlyCount "73"]
[EventDate "2014.06.30"]
[EventType "swiss"]
[EventRounds "9"]
[EventCountry "SCO"]
[SourceTitle "CBM 161 Extra"]
[Source "ChessBase"]
[SourceDate "2014.08.29"]
[SourceVersion "1"]
[SourceVersionDate "2014.08.29"]
[SourceQuality "1"]

1. d4 Nf6 2. c4 e6 3. Nf3 c5 4. d5 exd5 5. cxd5 d6 6. Nc3 g6 7. Bf4 a6 8. a4 Qe7 9. e3 Bg4 10. Be2 Bxf3 11. Bxf3 Bg7 12. 0-0 0-0 13. a5 Nbd7 14. Qb3 Rab8 15. Na4 Ne5 16. Be2 Ne4 17. Qc2 f5 18. h3 Qh4 19. Nb6 g5 20. Bh2 g4 21. hxg4 Rf6 22. g5 Nxg5 23. Bg3 Ngf3+ 24. Bxf3 Nxf3+ 25. gxf3 Qh3 26. Ra4 Rh6 27. Rh4 Rxh4 28. Bxh4 Qxh4 29. Qxf5 Be5 30. Qg4+ Qxg4+ 31. fxg4 Bxb2 32. Nc4 Bc3 33. Rc1 Bb4 34. f3 Kf8 35. Kf2 Ke7 36. Rh1 Rh8 37. Rh6 1-0

[Event "Commonwealth-ch"]
[Site "Glasgow"]
[Date "2014.07.05"]
[Round "6"]
[White "Thomas, Daniel"]
[Black "Staniforth, Matthew"]
[Result "0-1"]
[WhiteElo "1766"]
[BlackElo "1886"]
[PlyCount "98"]
[EventDate "2014.06.30"]
[EventType "swiss"]
[EventRounds "9"]
[EventCountry "SCO"]
[SourceTitle "CBM 161 Extra"]
[Source "ChessBase"]
[SourceDate "2014.08.29"]
[SourceVersion "1"]
[SourceVersionDate "2014.08.29"]
[SourceQuality "1"]

1. d4 Nf6 2. c4 e6 3. Nf3 d5 4. Nc3 c6 5. Bg5 dxc4 6. e4 b5 7. e5 h6 8. Bxf6 gxf6 9. a4 Bb4 10. Be2 Bb7 11. 0-0 Bxc3 12. bxc3 Nd7 13. Qb1 Qb6 14. Qb4 fxe5 15. dxe5 Qc5 16. Qxc5 Nxc5 17. axb5 cxb5 18. Nd4 a6 19. f4 Rg8 20. g3 Ke7 21. Bh5 Nb3 22. Nxb3 cxb3 23. Rab1 Bd5 24. Bf3 Rgd8 25. Bxd5 Rxd5 26. Rxb3 Kd7 27. Rc1 Rc5 28. Rd1+ Kc7 29. Kf2 a5 30. g4 a4 31. Ra3 Rd5 32. Rxd5 exd5 33. Ke3 h5 34. g5 Kc6 35. Kd4 Rb8 36. f5 h4 37. e6 fxe6 38. fxe6 Kd6 39. e7 Re8 40. Ke3 Rxe7+ 41. Kf4 Ra7 42. Kf5 d4 43. cxd4 b4 44. Ra1 b3 45. Re1 b2 46. g6 a3 47. Re6+ Kd5 48. Rb6 a2 49. g7 Rxg7 0-1